The things we cannot say (Record no. 349766)
[ view plain ]
| 000 -LEADER | |
|---|---|
| fixed length control field | 01984nim a2200481Ki 4500 |
| 001 - CONTROL NUMBER | |
| control field | sky296432050 |
| 003 - CONTROL NUMBER IDENTIFIER | |
| control field | SKY |
| 005 - DATE AND TIME OF LATEST TRANSACTION | |
| control field | 20200505132215.0 |
| 007 - PHYSICAL DESCRIPTION FIXED FIELD--GENERAL INFORMATION | |
| fixed length control field | sd fsngnnmmned |
| 008 - FIXED-LENGTH DATA ELEMENTS--GENERAL INFORMATION | |
| fixed length control field | 190304s2019 oncnnnne f 1 eng d |
| 020 ## - INTERNATIONAL STANDARD BOOK NUMBER | |
| International Standard Book Number | 9781982647278 |
| Qualifying information | (sound recording ; |
| -- | Blackstone Retail CD) |
| 020 ## - INTERNATIONAL STANDARD BOOK NUMBER | |
| International Standard Book Number | 1982647272 |
| Qualifying information | (sound recording ; |
| -- | Blackstone Retail CD) |
| 028 02 - PUBLISHER NUMBER | |
| Publisher number | ZEd1za |
| Source | Blackstone Publishing |
| 040 ## - CATALOGING SOURCE | |
| Original cataloging agency | BLACP |
| Language of cataloging | eng |
| Description conventions | rda |
| Transcribing agency | BLACP |
| Modifying agency | SKYRV |
| 050 #4 - LIBRARY OF CONGRESS CALL NUMBER | |
| Classification number | PR9619.4.R56 |
| Item number | T45 2019ab |
| 082 04 - DEWEY DECIMAL CLASSIFICATION NUMBER | |
| Classification number | 823/.92 |
| Edition number | 23 |
| 092 ## - LOCALLY ASSIGNED DEWEY CALL NUMBER (OCLC) | |
| Classification number | CD Rim |
| 100 1# - MAIN ENTRY--PERSONAL NAME | |
| Personal name | Rimmer, Kelly, |
| Relator term | author. |
| 9 (RLIN) | 5977852 |
| 245 14 - TITLE STATEMENT | |
| Title | The things we cannot say |
| Medium | [sound recording] : |
| Remainder of title | a novel / |
| Statement of responsibility, etc | Kelly Rimmer. |
| 246 3# - VARYING FORM OF TITLE | |
| Title proper/short title | Things we can't say. |
| 246 3# - VARYING FORM OF TITLE | |
| Title proper/short title | Things we can not say. |
| 250 ## - EDITION STATEMENT | |
| Edition statement | Unabridged. |
| 264 #1 - Production, Publication, Distribution, Manufacture, and Copyright Notice. | |
| Place of production, publication, distribution, manufacture | [Don Mills, Ontario, Canada] : |
| Name of producer, publisher, distributor, manufacturer | Harlequin Audio, |
| Date of production, publication, distribution, manufacture, or copyr | [2019] |
| 300 ## - PHYSICAL DESCRIPTION | |
| Extent | 11 audio discs (14 hrs.) : |
| Other physical details | CD audio, digital ; |
| Dimensions | 4 3/4 in. |
| 336 ## - Content Type | |
| Content type term | spoken word |
| 337 ## - Media type | |
| Media type term | audio |
| 338 ## - Carrier type | |
| Carrier type term | audio disc |
| 511 0# - PARTICIPANT OR PERFORMER NOTE | |
| Participant or performer note | Performed by Ann Marie Gideon and Nancy Peterson. |
| 520 ## - SUMMARY, ETC. | |
| Summary, etc | Since age nine, Alina Dziak knew she would marry her best friend, Tomasz. Now engaged, she waits for his return from college in Warsaw so they can marry. But when the Nazi occupation takes hold, he disappears. |
| 538 ## - SYSTEM DETAILS NOTE | |
| System details note | Compact disc. |
| 650 #0 - SUBJECT ADDED ENTRY--TOPICAL TERM | |
| Topical term or geographic name as entry element | World War, 1939-1945 |
| Geographic subdivision | Poland |
| Form subdivision | Fiction. |
| 9 (RLIN) | 5719614 |
| 650 #0 - SUBJECT ADDED ENTRY--TOPICAL TERM | |
| Topical term or geographic name as entry element | Man-woman relationships |
| Form subdivision | Fiction. |
| 9 (RLIN) | 5674079 |
| 650 #0 - SUBJECT ADDED ENTRY--TOPICAL TERM | |
| Topical term or geographic name as entry element | Life change events |
| Form subdivision | Fiction. |
| 9 (RLIN) | 5674438 |
| 651 #0 - SUBJECT ADDED ENTRY--GEOGRAPHIC NAME | |
| Geographic name | Poland |
| General subdivision | History |
| Chronological subdivision | Occupation, 1939-1945 |
| Form subdivision | Fiction. |
| 9 (RLIN) | 5716665 |
| 655 #7 - INDEX TERM--GENRE/FORM | |
| Genre/form data or focus term | Historical fiction. |
| Source of term | lcgft |
| 9 (RLIN) | 6357285 |
| 655 #7 - INDEX TERM--GENRE/FORM | |
| Genre/form data or focus term | Romance fiction. |
| Source of term | lcgft |
| 9 (RLIN) | 6357286 |
| 655 #7 - INDEX TERM--GENRE/FORM | |
| Genre/form data or focus term | Audiobooks. |
| Source of term | lcgft |
| 9 (RLIN) | 6357287 |
| 655 #7 - INDEX TERM--GENRE/FORM | |
| Genre/form data or focus term | Sound recordings. |
| Source of term | lcgft |
| 9 (RLIN) | 5734576 |
| 700 1# - ADDED ENTRY--PERSONAL NAME | |
| Personal name | Gideon, Ann Marie, |
| Relator term | narrator. |
| 9 (RLIN) | 5999283 |
| 700 1# - ADDED ENTRY--PERSONAL NAME | |
| Personal name | Peterson, Nancy, |
| Relator term | narrator. |
| 9 (RLIN) | 6030290 |
| 907 ## - LOCAL DATA ELEMENT G, LDG (RLIN) | |
| a | .b419583373 |
| 942 ## - ADDED ENTRY ELEMENTS (KOHA) | |
| Source of classification or shelving scheme | Dewey Decimal Classification |
| Koha item type | Audiobook on CD |
| Withdrawn status | Lost status | Source of classification or shelving scheme | Damaged status | Not for loan | Collection code | Home library | Current library | Shelving location | Date acquired | Source of acquisition | Total Checkouts | Total Renewals | Full call number | Barcode | Date last seen | Date checked out | Cost, replacement price | Price effective from | Koha item type |
|---|---|---|---|---|---|---|---|---|---|---|---|---|---|---|---|---|---|---|---|
| Dewey Decimal Classification | Audiobooks | Wasatch County Library | Wasatch County Library | Second Floor | 05/05/2020 | Micromarketing | 5 | 4 | CD Rimmer | 34301001686635 | 10/21/2025 | 10/14/2025 | 44.99 | 05/05/2020 | Audiobook on CD |
